LEADER 03841nam 2200637 a 450 001 9910461173103321 005 20200520144314.0 010 $a1-283-40296-3 010 $a9786613402967 010 $a3-11-026719-5 024 7 $a10.1515/9783110267198 035 $a(CKB)2670000000138760 035 $a(EBL)827335 035 $a(OCoLC)769343106 035 $a(SSID)ssj0000571417 035 $a(PQKBManifestationID)12225076 035 $a(PQKBTitleCode)TC0000571417 035 $a(PQKBWorkID)10617955 035 $a(PQKB)11591327 035 $a(MiAaPQ)EBC827335 035 $a(DE-B1597)173736 035 $a(OCoLC)979753557 035 $a(DE-B1597)9783110267198 035 $a(Au-PeEL)EBL827335 035 $a(CaPaEBR)ebr10521715 035 $a(CaONFJC)MIL340296 035 $a(EXLCZ)992670000000138760 100 $a20110824d2012 uy 0 101 0 $ager 135 $aur|n|---||||| 181 $ctxt 182 $cc 183 $acr 200 10$aVorurteile$b[electronic resource] $eUrspru?nge, Formen, Bedeutung /$fherausgegeben von Anton Pelinka ; im Auftrag des Sir Peter Ustinov Instituts zur Erforschung und Beka?mpfung von Vorurteilen, Wien 210 $aBoston $cDe Gruyter$dc2012 215 $a1 online resource (492 p.) 300 $aDescription based upon print version of record. 311 $a3-11-026839-6 320 $aIncludes bibliographical references and index. 327 $t Frontmatter -- $tGeleitwort -- $tInhalt -- $tAbbildungsverzeichnis -- $tLeben mit Vorurteilen. Vorwort des Herausgebers / $rPelinka, Anton -- $tEinführung / $rAssmann, Aleida -- $tI. Vorurteilskategorien -- $tAntisemitismus / $rBergmann, Werner -- $tSexismus und Heterosexismus / $rFiske, Susan T. / Norris, Alyssa L. -- $tKrank, alt, behindert - nutzlos oder kostbar für die Gesellschaft? / $rGipser, Dietlinde -- $tReligiöses Vorurteil / $rKampling, Rainer -- $tRassismus / $rOttomeyer, Klaus -- $tVorurteile gegen Muslime - Feindbild Islam / $rBenz, Wolfgang -- $tAntiziganismus / $rBenz, Wolfgang -- $tWenn Globalisierung und Immigration Klassengewalt verstärken: Ausbeutung und Widerstand / $rSassen, Saskia -- $tII. Disziplinen -- $tVorurteile aus geschichts- und kunstwissenschaftlicher Perspektive / $rBenz, Wolfgang / Widmann, Peter -- $tVorurteile als Elemente Gruppenbezogener Menschenfeindlichkeit - eine Sichtung der Vorurteilsforschung und ein theoretischer Entwurf / $rZick, Andreas / Küpper, Beate / Heitmeyer, Wilhelm -- $tDie Sozialpsychologie des Vorurteils / $rTurner, Rhiannon N. / Hewstone, Miles -- $tWissenschaft im Banne des Vorurteils? Überlegungen am Beispiel der Biowissenschaften / $rMieth, Dietmar -- $tDer Beitrag der Rechtsordnung zum Abbau von Vorurteilen / $rHodasz, Marta / Nowak, Manfred / Pritz-Blazek, Constanze -- $tVorurteil, Rassismus und Diskurs / $rWodak, Ruth -- $tVerzeichnis der Autorinnen und Autoren -- $tRegister 330 $aInternationally established authors describe and analyze the most important categories of prejudice: anti-Semitism, sexism, racism, religious prejudice, class prejudice, as well as prejudice against age, illness, disability. The German translation of the Handbook of Prejudice, which was published on behalf of the Sir Peter Ustinov Institute and deals with ways of researching and fighting prejudice is now expanded with new and topical themes such as anti-Gypsyism and Islamophobia. 606 $aPrejudices 606 $aSocial psychology 608 $aElectronic books. 615 0$aPrejudices. 615 0$aSocial psychology. 676 $a303.3/85 686 $aMR 6400$2rvk 701 $aPelinka$b Anton$f1941-$0146370 801 0$bMiAaPQ 801 1$bMiAaPQ 801 2$bMiAaPQ 906 $aBOOK 912 $a9910461173103321 996 $aVorurteile$92451045 997 $aUNINA LEADER 01569oam 2200457 450 001 9910704485403321 005 20130328112447.0 035 $a(CKB)5470000002440837 035 $a(OCoLC)828559854 035 $a(EXLCZ)995470000002440837 100 $a20130226d1987 ua 0 101 0 $aeng 135 $aurbn||||||||| 181 $ctxt$2rdacontent 182 $cc$2rdamedia 183 $acr$2rdacarrier 200 10$aStability, transition and turbulence $efinal report /$fM. Y. Hussaini 210 1$aHampton, Va. :$cInstitute for Computer Applications in Science and Engineering, NASA Langley Research Center,$d[1987] 215 $a1 online resource (i, 19 pages) $cillustrations 225 1 $aNASA contractor report ;$v178258 225 1 $aICASE report ;$vno. 87-9 300 $aTitle from title screen (viewed on Feb. 26, 2013). 300 $a"February 1987." 320 $aIncludes bibliographical references (pages 6-7). 517 $aStability, transition and turbulence 606 $aStability$2nasat 606 $aTransition$2nasat 606 $aTurbulence$2nasat 615 7$aStability. 615 7$aTransition. 615 7$aTurbulence. 700 $aHussaini$b M. Yousuff$042270 712 02$aInstitute for Computer Applications in Science and Engineering, 712 02$aUnited States.$bNational Aeronautics and Space Administration, 801 0$bGPO 801 1$bGPO 801 2$bGPO 906 $aBOOK 912 $a9910704485403321 996 $aStability, transition and turbulence$93500255 997 $aUNINA